[Event "Guelph Winter Pro Am U2100"]
[Site "Guelph CAN"]
[Date "2008.02.03"]
[Round "5"]
[White "Douglas, Richard"]
[Black "Gladstone, Simon"]
[Result "1-0"]
[WhiteElo "1750"]
[BlackElo "1771"]
[PlyCount "79"]
[GameId "2160767910442364"]
[EventDate "2008.02.02"]
[EventType "swiss"]
[EventRounds "5"]
[EventCountry "CAN"]
[SourceTitle "EXT 2011"]
[Source "ChessBase"]
[SourceDate "2011.11.26"]
[SourceVersion "1"]
[SourceVersionDate "2011.11.26"]
[SourceQuality "1"]

1. e4 e6 2. d4 d5 3. Nc3 Bb4 4. e5 c5 5. Nf3 Ne7 6. Bg5 Nbc6 7. a3 Bxc3+ 8. bxc3 O-O 9. Bd3 c4 10. Be2 Qa5 11. Qd2 b5 12. O-O Bd7 13. h4 f6 14. exf6 gxf6 15. Bh6 Rf7 16. g4 Kh8 17. h5 Rg8 18. Nh2 e5 19. dxe5 Nxe5 20. f3 Qc7 21. Kh1 f5 22. f4 fxg4 23. fxe5 Rxf1+ 24. Bxf1 Nf5 25. Bf4 Be6 26. Bg2 Qe7 27. Kg1 g3 28. Nf3 Nh4 29. Ng5 Nxg2 30. Kxg2 Bf5 31. e6 Qf6 32. Nf7+ Qxf7 33. exf7 Be4+ 34. Kg1 Kg7 35. Bd6 h6 36. fxg8=Q+ Kxg8 37. Qxh6 a5 38. Qf8+ Kh7 39. Qf7+ Kh6 40. Bf4# 1-0

[Event "Guelph Winter Pro Am U2100"]
[Site "Guelph CAN"]
[Date "2008.02.03"]
[Round "5"]
[White "Malmsten, Erik"]
[Black "Armstrong, Robert J"]
[Result "1-0"]
[WhiteElo "1915"]
[BlackElo "1873"]
[PlyCount "55"]
[GameId "2160767910442365"]
[EventDate "2008.02.02"]
[EventType "swiss"]
[EventRounds "5"]
[EventCountry "CAN"]
[SourceTitle "EXT 2011"]
[Source "ChessBase"]
[SourceDate "2011.11.26"]
[SourceVersion "1"]
[SourceVersionDate "2011.11.26"]
[SourceQuality "1"]

1. d4 g6 2. e4 Bg7 3. Nc3 d6 4. h4 Nf6 5. Be2 h5 6. Be3 Ng4 7. Bxg4 hxg4 8. Qd2 c6 9. Nge2 e5 10. O-O-O b5 11. dxe5 Bxe5 12. Bd4 Qf6 13. Bxe5 dxe5 14. Ng3 Rxh4 15. Rxh4 Qxh4 16. Nxb5 Na6 17. Nd6+ Kf8 18. Rh1 Qf6 19. Rh7 Be6 20. Rh6 Rb8 21. Ndf5 Bxf5 22. Nxf5 Kg8 23. a3 Rd8 24. Qe3 Rd7 25. b3 Qd8 26. Rh8+ Kxh8 27. Qh6+ Kg8 28. Qg7# 1-0

[Event "Halloween op"]
[Site "Edmonton CAN"]
[Date "2008.10.02"]
[Round "1"]
[White "Bentz, Huxley"]
[Black "Camphaug, Lincoln"]
[Result "0-1"]
[WhiteElo "1075"]
[BlackElo "1620"]
[PlyCount "60"]
[GameId "2160767910311392"]
[EventDate "2008.10.02"]
[EventType "swiss"]
[EventRounds "5"]
[EventCountry "CAN"]
[SourceTitle "EXT 2011"]
[Source "ChessBase"]
[SourceDate "2011.11.26"]
[SourceVersion "1"]
[SourceVersionDate "2011.11.26"]
[SourceQuality "1"]

1. e4 e5 2. Nf3 Nc6 3. Nc3 Nf6 4. Bd3 Bc5 5. O-O O-O 6. Nd5 d6 7. Nh4 Nxd5 8. exd5 Qxh4 9. Qf3 Nd4 10. Qg3 Qxg3 11. fxg3 Nxc2+ 12. Kh1 Nxa1 13. b3 Bd4 14. Ba3 Bg4 15. h3 Bh5 16. Bf5 Bg6 17. g4 Nc2 18. Bxc2 Bxc2 19. b4 Be4 20. Re1 Bxd5 21. b5 f5 22. Rf1 f4 23. h4 e4 24. g5 f3 25. gxf3 Rxf3 26. Kg2 Rxa3 27. h5 e3+ 28. Kh3 e2+ 29. Kh4 exf1=Q 30. h6 Qh3# 0-1

[Event "Halloween op"]
[Site "Edmonton CAN"]
[Date "2008.10.02"]
[Round "1"]
[White "Bolayol, Santino"]
[Black "Wu, Allan"]
[Result "0-1"]
[WhiteElo "1908"]
[BlackElo "1806"]
[PlyCount "112"]
[GameId "2160767910311393"]
[EventDate "2008.10.02"]
[EventType "swiss"]
[EventRounds "5"]
[EventCountry "CAN"]
[SourceTitle "EXT 2011"]
[Source "ChessBase"]
[SourceDate "2011.11.26"]
[SourceVersion "1"]
[SourceVersionDate "2011.11.26"]
[SourceQuality "1"]

1. g3 Nf6 2. Nf3 d5 3. Bg2 Nc6 4. O-O e5 5. d3 Be7 6. Nbd2 Bf5 7. e4 dxe4 8. dxe4 Nxe4 9. Re1 Nxd2 10. Nxd2 Qd7 11. Bxc6 Qxc6 12. Rxe5 Qxc2 13. Qf3 Bh3 14. Nf1 f6 15. Qh5+ Qg6 16. Rxe7+ Kxe7 17. Qxh3 h5 18. Bf4 Qe4 19. Qh4 Qd5 20. Bxc7 Kd7 21. Ne3 Qc5 22. Bf4 g5 23. Qh3+ Ke7 24. Nf5+ Kf7 25. Rc1 g4 26. Nd6+ Qxd6 27. Bxd6 gxh3 28. Rc7+ Ke6 29. Bb4 Rad8 30. f3 Rd7 31. Rc4 Rhd8 32. Rh4 Rd4 33. Rxd4 Rxd4 34. Bc3 Rd1+ 35. Kf2 Rh1 36. g4 h4 37. Bd4 Rxh2+ 38. Kf1 Rd2 39. Bf2 h2 40. Ke1 Rxf2 41. Kxf2 h1=Q 42. Ke3 Qe1+ 43. Kd3 h3 44. f4 Qd1+ 45. Kc3 Qxg4 46. f5+ Qxf5 47. a3 Kd5 48. b4 b5 49. a4 a6 50. axb5 axb5 51. Kb2 Qf2+ 52. Kc3 Qe3+ 53. Kc2 Kc4 54. Kd1 Qf2 55. Kc1 Kb3 56. Kd1 f5 0-1

[Event "Halloween op"]
[Site "Edmonton CAN"]
[Date "2008.10.02"]
[Round "1"]
[White "Laboucane, Randy"]
[Black "Pechenkin, Vladimir"]
[Result "0-1"]
[WhiteElo "1890"]
[BlackElo "2297"]
[PlyCount "62"]
[GameId "2160767910311395"]
[EventDate "2008.10.02"]
[EventType "swiss"]
[EventRounds "5"]
[EventCountry "CAN"]
[SourceTitle "EXT 2011"]
[Source "ChessBase"]
[SourceDate "2011.11.26"]
[SourceVersion "1"]
[SourceVersionDate "2011.11.26"]
[SourceQuality "1"]

1. d4 f5 2. Bg5 g6 3. Nd2 Bg7 4. c3 h6 5. Bh4 Nf6 6. Bxf6 Bxf6 7. e4 d6 8. Bd3 e6 9. Qe2 Qe7 10. O-O-O Nc6 11. Re1 O-O 12. Nh3 e5 13. d5 Nd8 14. f4 Nf7 15. Qf3 Bg7 16. exf5 gxf5 17. Qg3 Bd7 18. Kb1 Rae8 19. Nf3 Qf6 20. Nh4 e4 21. Be2 Rb8 22. Qf2 b5 23. Bh5 b4 24. c4 a5 25. g3 a4 26. Ng2 a3 27. Re2 b3 28. axb3 Rxb3 29. Rd1 Ra8 30. Rdd2 Qc3 31. Re3 a2+ 0-1

[Event "Halloween op"]
[Site "Edmonton CAN"]
[Date "2008.10.02"]
[Round "1"]
[White "Mendryk, Wayne"]
[Black "Zeggelaar, Mike"]
[Result "0-1"]
[WhiteElo "1424"]
[BlackElo "1738"]
[PlyCount "52"]
[GameId "2160767910311396"]
[EventDate "2008.10.02"]
[EventType "swiss"]
[EventRounds "5"]
[EventCountry "CAN"]
[SourceTitle "EXT 2011"]
[Source "ChessBase"]
[SourceDate "2011.11.26"]
[SourceVersion "1"]
[SourceVersionDate "2011.11.26"]
[SourceQuality "1"]

1. e4 e6 2. d4 b6 3. f3 Bb7 4. Bc4 g6 5. Bf4 Bg7 6. Ne2 d6 7. Nbc3 Ne7 8. Qd2 Nd7 9. O-O O-O 10. Bh6 a6 11. Bxg7 Kxg7 12. a4 c6 13. b4 Qc7 14. Bd3 c5 15. bxc5 bxc5 16. dxc5 Qxc5+ 17. Kh1 d5 18. Rab1 Rab8 19. Nc1 Rfc8 20. Rb3 Ne5 21. N1a2 Nc4 22. Bxc4 Qxc4 23. Rfb1 Ba8 24. Qe2 Rxb3 25. Qxc4 Rxb1+ 26. Nxb1 Rxc4 0-1

[Event "Halloween op"]
[Site "Edmonton CAN"]
[Date "2008.10.02"]
[Round "1"]
[White "Ryan, Kevin"]
[Black "MacLeod, Damon"]
[Result "0-1"]
[WhiteElo "202"]
[BlackElo "1606"]
[PlyCount "72"]
[GameId "2160767910311397"]
[EventDate "2008.10.02"]
[EventType "swiss"]
[EventRounds "5"]
[EventCountry "CAN"]
[SourceTitle "EXT 2011"]
[Source "ChessBase"]
[SourceDate "2011.11.26"]
[SourceVersion "1"]
[SourceVersionDate "2011.11.26"]
[SourceQuality "1"]

1. d4 d5 2. Nf3 Nf6 3. Ne5 Bf5 4. Nc3 e6 5. Bg5 h6 6. Bd2 c5 7. dxc5 Bxc5 8. Nb5 Qb6 9. e3 O-O 10. f3 Bxe3 11. g4 Bf2+ 12. Ke2 Bh7 13. c3 Nc6 14. Nc7 Qxc7 15. Kxf2 Qxe5 16. Bb5 Rac8 17. Re1 Qxh2+ 18. Kf1 a6 19. Ba4 Bd3+ 20. Re2 Bxe2+ 21. Qxe2 Qh1+ 22. Kf2 Qxa1 23. Bd1 Qxb2 24. Qd3 Qb6+ 25. Be3 Qc7 26. a4 Ne5 27. Qb1 Nc4 28. Qd3 Nxe3 29. Kxe3 Qxc3 30. Ke2 Qxd3+ 31. Kxd3 Rc5 32. Kd4 Rfc8 33. Ke5 Kf8 34. Kd6 R8c6+ 35. Ke5 Rc4 36. a5 Nd7# 0-1

[Event "Halloween op"]
[Site "Edmonton CAN"]
[Date "2008.10.02"]
[Round "1"]
[White "Seehagen, Terry"]
[Black "Borger, Rocky"]
[Result "1-0"]
[WhiteElo "1658"]
[BlackElo "1350"]
[PlyCount "107"]
[GameId "2160767910311398"]
[EventDate "2008.10.02"]
[EventType "swiss"]
[EventRounds "5"]
[EventCountry "CAN"]
[SourceTitle "EXT 2011"]
[Source "ChessBase"]
[SourceDate "2011.11.26"]
[SourceVersion "1"]
[SourceVersionDate "2011.11.26"]
[SourceQuality "1"]

1. d4 d5 2. c4 Nf6 3. cxd5 Qxd5 4. Nc3 Qh5 5. Nf3 Bg4 6. Ne5 Nc6 7. Nxc6 bxc6 8. f3 Bc8 9. e4 a5 10. Qb3 Nd7 11. Bf4 e5 12. dxe5 Nxe5 13. O-O-O Bd6 14. Bxe5 Qxe5 15. g3 Qe6 16. Bc4 Qh6+ 17. Kb1 O-O 18. h4 Be6 19. Bxe6 fxe6 20. f4 Bb4 21. Rd7 Rab8 22. Ne2 Be1 23. Qc4 Rb4 24. Qxc6 Rfb8 25. Rxe1 Rxb2+ 26. Ka1 Qf6 27. e5 Qf5 28. Rd8+ Rxd8 29. Kxb2 Rd2+ 30. Kc1 Rxa2 31. Qe8+ Qf8 32. Qxf8+ Kxf8 33. Nd4 Kf7 34. Re2 Ra3 35. Rc2 Rxg3 36. Rxc7+ Kg6 37. Nxe6 Kh6 38. Ra7 Ra3 39. Nxg7 a4 40. Ne6 Rh3 41. Ng5 Rc3+ 42. Kd2 Rc4 43. Rxh7+ Kg6 44. Ke3 a3 45. Ra7 Rc3+ 46. Kd4 Rg3 47. Ke4 Kh5 48. e6 Rb3 49. e7 Rb8 50. Rxa3 Kxh4 51. Re3 Kg4 52. Kd5 Re8 53. Nh7 Kf5 54. Re6 1-0

[Event "Halloween op"]
[Site "Edmonton CAN"]
[Date "2008.10.02"]
[Round "1"]
[White "Stark, Mark"]
[Black "McKay, Arnold"]
[Result "0-1"]
[WhiteElo "1962"]
[BlackElo "1859"]
[PlyCount "44"]
[GameId "2160767910311399"]
[EventDate "2008.10.02"]
[EventType "swiss"]
[EventRounds "5"]
[EventCountry "CAN"]
[SourceTitle "EXT 2011"]
[Source "ChessBase"]
[SourceDate "2011.11.26"]
[SourceVersion "1"]
[SourceVersionDate "2011.11.26"]
[SourceQuality "1"]

1. c4 Nf6 2. g3 e6 3. Bg2 d5 4. Nf3 c5 5. cxd5 Nxd5 6. O-O Nc6 7. d4 Nf6 8. e3 Be7 9. b3 O-O 10. Bb2 cxd4 11. exd4 Qa5 12. Nbd2 Rd8 13. Nc4 Qh5 14. Qe2 b6 15. h3 Bb7 16. g4 Nxg4 17. hxg4 Qxg4 18. Rad1 Rd7 19. Nce5 Nxe5 20. dxe5 Rad8 21. Rxd7 Rxd7 22. Rd1 Bxf3 0-1

[Event "Halloween op"]
[Site "Edmonton CAN"]
[Date "2008.10.02"]
[Round "1"]
[White "Thompson, Peter"]
[Black "Grumic, Sasha"]
[Result "0-1"]
[WhiteElo "1865"]
[BlackElo "2170"]
[PlyCount "66"]
[GameId "2160767910311400"]
[EventDate "2008.10.02"]
[EventType "swiss"]
[EventRounds "5"]
[EventCountry "CAN"]
[SourceTitle "EXT 2011"]
[Source "ChessBase"]
[SourceDate "2011.11.26"]
[SourceVersion "1"]
[SourceVersionDate "2011.11.26"]
[SourceQuality "1"]

1. d4 Nf6 2. c4 g6 3. Nc3 Bg7 4. e4 O-O 5. Nf3 d6 6. Be2 e5 7. dxe5 dxe5 8. O-O Na6 9. Bg5 Qxd1 10. Raxd1 h6 11. Bh4 Re8 12. Bxf6 Bxf6 13. a3 c6 14. b4 Nc7 15. c5 Ne6 16. Bc4 Nd4 17. Ne1 g5 18. Ne2 Be6 19. Bd3 Nxe2+ 20. Bxe2 Red8 21. Nc2 Bb3 22. Rxd8+ Rxd8 23. Ne3 Rd4 24. Bf3 a5 25. Rb1 a4 26. Nf5 Rd2 27. Ra1 Bd8 28. Kf1 b6 29. Ke1 Rb2 30. cxb6 Bxb6 31. Ne7+ Kf8 32. Nxc6 Bxf2+ 33. Kf1 Bc4+ 0-1

[Event "Halloween op"]
[Site "Edmonton CAN"]
[Date "2008.10.02"]
[Round "1"]
[White "Wihnon, Jason"]
[Black "Razzaq, Ali"]
[Result "0-1"]
[WhiteElo "1741"]
[BlackElo "1799"]
[PlyCount "56"]
[GameId "2160767910311401"]
[EventDate "2008.10.02"]
[EventType "swiss"]
[EventRounds "5"]
[EventCountry "CAN"]
[SourceTitle "EXT 2011"]
[Source "ChessBase"]
[SourceDate "2011.11.26"]
[SourceVersion "1"]
[SourceVersionDate "2011.11.26"]
[SourceQuality "1"]

1. e4 c6 2. d3 d5 3. Nd2 e5 4. Ngf3 Qc7 5. g3 Bg4 6. Bg2 Nf6 7. O-O Bc5 8. Qe1 Nbd7 9. Nb3 Bb6 10. Be3 c5 11. exd5 Nxd5 12. Bg5 f6 13. Bc1 O-O 14. Nxe5 Nxe5 15. Bxd5+ Kh8 16. Be3 Nf3+ 17. Bxf3 Bxf3 18. Nd2 Bg4 19. f3 Bh3 20. Rf2 Qc6 21. Ne4 Rae8 22. Qd2 Re7 23. b4 cxb4 24. Bxb6 Qxb6 25. Rb1 a5 26. c3 Rfe8 27. d4 f5 28. Ng5 bxc3 0-1

[Event "Halloween op"]
[Site "Edmonton CAN"]
[Date "2008.10.09"]
[Round "2"]
[White "Bentz, Huxley"]
[Black "Mendryk, Wayne"]
[Result "0-1"]
[WhiteElo "1075"]
[BlackElo "1424"]
[PlyCount "88"]
[GameId "2160767910311402"]
[EventDate "2008.10.02"]
[EventType "swiss"]
[EventRounds "5"]
[EventCountry "CAN"]
[SourceTitle "EXT 2011"]
[Source "ChessBase"]
[SourceDate "2011.11.26"]
[SourceVersion "1"]
[SourceVersionDate "2011.11.26"]
[SourceQuality "1"]

1. d4 Nf6 2. Nf3 g6 3. Nc3 d6 4. Bf4 Bg7 5. e3 Bf5 6. h3 h5 7. Bd3 Bxd3 8. Qxd3 Nbd7 9. Ne4 Nd5 10. O-O-O N7f6 11. Nxf6+ Nxf6 12. Rhe1 O-O 13. e4 Nd7 14. e5 dxe5 15. dxe5 Nb6 16. Qb3 Qe8 17. h4 Qc6 18. e6 f6 19. Rd3 Na4 20. Rd4 b5 21. Rd5 a6 22. Nd4 Qb7 23. Rd7 Qxg2 24. Rxe7 Qxf2 25. Qe3 Qxh4 26. Rg1 Kh7 27. Nf3 Qh3 28. Rxc7 Rae8 29. e7 Rf7 30. Qb3 Kg8 31. Qd5 Qf5 32. Qd6 Qe4 33. Nd2 Qa8 34. Re1 g5 35. Bh2 h4 36. Re6 Qh1+ 37. Nf1 Qxf1+ 38. Qd1 Qxd1+ 39. Kxd1 f5 40. b3 Nb2+ 41. Kc1 Bf6 42. Be5 Kg7 43. Kxb2 Bxe5+ 44. Rxe5 Kf6 0-1

[Event "Halloween op"]
[Site "Edmonton CAN"]
[Date "2008.10.09"]
[Round "2"]
[White "Borger, Rocky"]
[Black "Bentz, Eliot"]
[Result "1-0"]
[WhiteElo "1350"]
[BlackElo "851"]
[PlyCount "55"]
[GameId "2160767910311403"]
[EventDate "2008.10.02"]
[EventType "swiss"]
[EventRounds "5"]
[EventCountry "CAN"]
[SourceTitle "EXT 2011"]
[Source "ChessBase"]
[SourceDate "2011.11.26"]
[SourceVersion "1"]
[SourceVersionDate "2011.11.26"]
[SourceQuality "1"]

1. e4 Nf6 2. Nc3 Nc6 3. Nf3 b5 4. e5 Nh5 5. Bxb5 f6 6. Bxc6 dxc6 7. exf6 gxf6 8. d3 Bh6 9. Bxh6 Rg8 10. O-O Ba6 11. Nh4 f5 12. Qxh5+ Kd7 13. Qxf5+ e6 14. Qxh7+ Qe7 15. Qxe7+ Kxe7 16. Rae1 Rg6 17. Nxg6+ Kd7 18. Ne5+ Kd6 19. f4 Kc5 20. Bf8+ Kb6 21. Ba3 Ka5 22. Nxc6+ Kb6 23. Rxe6 Bb5 24. Nd4+ c6 25. Ncxb5 Ka6 26. Rxc6+ Ka5 27. b4+ Ka4 28. Ra6# 1-0

[Event "Halloween op"]
[Site "Edmonton CAN"]
[Date "2008.10.09"]
[Round "2"]
[White "Camphaug, Lincoln"]
[Black "Thompson, Peter"]
[Result "0-1"]
[WhiteElo "1620"]
[BlackElo "1865"]
[PlyCount "66"]
[GameId "2160767910311404"]
[EventDate "2008.10.02"]
[EventType "swiss"]
[EventRounds "5"]
[EventCountry "CAN"]
[SourceTitle "EXT 2011"]
[Source "ChessBase"]
[SourceDate "2011.11.26"]
[SourceVersion "1"]
[SourceVersionDate "2011.11.26"]
[SourceQuality "1"]

1. e4 c5 2. Nf3 g6 3. c4 Bg7 4. Nc3 Nc6 5. g3 d6 6. Bg2 Nh6 7. O-O O-O 8. d3 f5 9. a3 fxe4 10. dxe4 Bg4 11. h3 Bxf3 12. Bxf3 Qd7 13. Bg2 Ne5 14. f4 Nc6 15. e5 Kh8 16. Be3 Nf5 17. Bxc5 Nxg3 18. Rf3 Nh5 19. Be3 Rad8 20. exd6 Qxd6 21. Qxd6 Rxd6 22. Rd1 Rxd1+ 23. Nxd1 Rd8 24. Nc3 Rd3 25. Bc1 Rd4 26. Bf1 Na5 27. c5 Nb3 28. Ne2 Nxc1 29. Nxd4 Bxd4+ 30. Kg2 Ng7 31. Bc4 Nf5 32. Kh1 Kg7 33. Kh2 Ne3 0-1

[Event "Halloween op"]
[Site "Edmonton CAN"]
[Date "2008.10.09"]
[Round "2"]
[White "McKay, Arnold"]
[Black "Pedersen, Rick"]
[Result "0-1"]
[WhiteElo "1859"]
[BlackElo "1885"]
[PlyCount "64"]
[GameId "2160767910311405"]
[EventDate "2008.10.02"]
[EventType "swiss"]
[EventRounds "5"]
[EventCountry "CAN"]
[SourceTitle "EXT 2011"]
[Source "ChessBase"]
[SourceDate "2011.11.26"]
[SourceVersion "1"]
[SourceVersionDate "2011.11.26"]
[SourceQuality "1"]

1. d4 Nf6 2. c4 g6 3. Nc3 Bg7 4. Nf3 O-O 5. e3 c6 6. Bd3 d5 7. c5 Bg4 8. h3 Bxf3 9. Qxf3 Nbd7 10. Qg3 e5 11. O-O Nh5 12. Qf3 exd4 13. exd4 Bxd4 14. Be3 Bxc5 15. Bh6 Ng7 16. Rfe1 Qf6 17. Qg3 Bd6 18. f4 Rfe8 19. Bg5 Qd4+ 20. Kh1 Nh5 21. Qf3 Nxf4 22. Red1 Qe5 23. Bxf4 Qxf4 24. Qxf4 Bxf4 25. Rf1 Be5 26. Ne2 f6 27. Rab1 Nc5 28. Bc2 Ne4 29. Bxe4 dxe4 30. Rfc1 Rad8 31. Rc2 Rd3 32. Nc1 Rd1# 0-1

[Event "Halloween op"]
[Site "Edmonton CAN"]
[Date "2008.10.09"]
[Round "2"]
[White "Newton, Geoff"]
[Black "Stark, Mark"]
[Result "1-0"]
[WhiteElo "1895"]
[BlackElo "1962"]
[PlyCount "89"]
[GameId "2160767910311406"]
[EventDate "2008.10.02"]
[EventType "swiss"]
[EventRounds "5"]
[EventCountry "CAN"]
[SourceTitle "EXT 2011"]
[Source "ChessBase"]
[SourceDate "2011.11.26"]
[SourceVersion "1"]
[SourceVersionDate "2011.11.26"]
[SourceQuality "1"]

1. d4 Nf6 2. c4 g6 3. Nc3 d5 4. Nf3 Bg7 5. Qb3 c6 6. Bf4 O-O 7. h3 dxc4 8. Qxc4 Bf5 9. g4 Be6 10. Qd3 Nd5 11. Be5 f6 12. Bh2 Nxc3 13. bxc3 c5 14. Bg2 Nc6 15. O-O Na5 16. Rfd1 cxd4 17. cxd4 Bc4 18. Qd2 Rc8 19. Rac1 b5 20. d5 e5 21. g5 Re8 22. e4 Nb7 23. gxf6 Bxf6 24. Qb2 Qe7 25. Nd2 Nd6 26. Nxc4 bxc4 27. Rc3 Rb8 28. Qa3 Rec8 29. Bg3 Qd8 30. Qc1 Rb4 31. f4 Qe7 32. Ra3 Rb6 33. Qe3 Rb7 34. Rc1 exf4 35. Qxf4 Bd4+ 36. Kh2 Nb5 37. Rf3 Bb2 38. Rd1 Nd4 39. Rf2 Qg7 40. e5 Nf5 41. d6 Rbb8 42. Bd5+ Kh8 43. Re2 Nxg3 44. Qxg3 Rb5 45. e6 1-0

[Event "Halloween op"]
[Site "Edmonton CAN"]
[Date "2008.10.09"]
[Round "2"]
[White "Nolan, Pat"]
[Black "Wihnon, Jason"]
[Result "0-1"]
[WhiteElo "1562"]
[BlackElo "1741"]
[PlyCount "46"]
[GameId "2160767910311407"]
[EventDate "2008.10.02"]
[EventType "swiss"]
[EventRounds "5"]
[EventCountry "CAN"]
[SourceTitle "EXT 2011"]
[Source "ChessBase"]
[SourceDate "2011.11.26"]
[SourceVersion "1"]
[SourceVersionDate "2011.11.26"]
[SourceQuality "1"]

1. d4 Nf6 2. c4 g6 3. Nc3 d5 4. Bg5 Ne4 5. Nxe4 dxe4 6. e3 c6 7. Ne2 Qa5+ 8. Nc3 Qxg5 9. Nxe4 Qa5+ 10. Nc3 Bg7 11. Bd3 O-O 12. O-O Nd7 13. f4 Nf6 14. e4 Ng4 15. Qf3 Bxd4+ 16. Kh1 Qh5 17. h3 Qh4 18. Nd1 Rd8 19. f5 Ne5 20. Qe2 Bc5 21. Nf2 Bxf2 22. fxg6 hxg6 23. Rxf2 Rxd3 0-1

[Event "Halloween op"]
[Site "Edmonton CAN"]
[Date "2008.10.09"]
[Round "2"]
[White "Pechenkin, Vladimir"]
[Black "Grumic, Sasha"]
[Result "1-0"]
[WhiteElo "2297"]
[BlackElo "2170"]
[PlyCount "95"]
[GameId "2160767910311408"]
[EventDate "2008.10.02"]
[EventType "swiss"]
[EventRounds "5"]
[EventCountry "CAN"]
[SourceTitle "EXT 2011"]
[Source "ChessBase"]
[SourceDate "2011.11.26"]
[SourceVersion "1"]
[SourceVersionDate "2011.11.26"]
[SourceQuality "1"]

1. f4 Nf6 2. Nf3 g6 3. d3 d5 4. e3 Bg7 5. Be2 c5 6. O-O Nc6 7. Ne5 Qc7 8. Nxc6 bxc6 9. Nc3 d4 10. Na4 dxe3 11. Nxc5 O-O 12. d4 Rd8 13. c3 Nd5 14. Bc4 Rb8 15. Qf3 e6 16. Bb3 a5 17. Bxe3 Bf8 18. Bf2 a4 19. Nxa4 c5 20. Nxc5 Bxc5 21. dxc5 Bb7 22. Bd4 Ba8 23. Rf2 Qa5 24. Raf1 Rxb3 25. axb3 Ne7 26. Qe2 Rxd4 27. cxd4 Nf5 28. Qd2 Qa6 29. Qb4 Bd5 30. Qc3 h5 31. Rc1 Bc6 32. b4 h4 33. b5 Qxb5 34. b4 Ne7 35. Rb2 Bd5 36. Ra1 Nc6 37. Ra8+ Kg7 38. Ra3 h3 39. Qxh3 Qc4 40. Qc3 Qb5 41. h3 Kg8 42. Ra5 Qb8 43. Ra6 Qb5 44. Rb6 Qa4 45. Kh2 Kh7 46. b5 Nxd4 47. Rb4 Qa2 48. Qb2 1-0

[Event "Halloween op"]
[Site "Edmonton CAN"]
[Date "2008.10.09"]
[Round "2"]
[White "Pua, Richard"]
[Black "Hughey, Micah"]
[Result "1/2-1/2"]
[WhiteElo "1918"]
[BlackElo "2226"]
[PlyCount "43"]
[GameId "2160767910311409"]
[EventDate "2008.10.02"]
[EventType "swiss"]
[EventRounds "5"]
[EventCountry "CAN"]
[SourceTitle "EXT 2011"]
[Source "ChessBase"]
[SourceDate "2011.11.26"]
[SourceVersion "1"]
[SourceVersionDate "2011.11.26"]
[SourceQuality "1"]

1. e4 e5 2. f4 Bc5 3. Nf3 d6 4. Bc4 Nf6 5. Nc3 Nc6 6. d3 Na5 7. Bxf7+ Kxf7 8. fxe5 dxe5 9. Nxe5+ Kg8 10. Rf1 Nc6 11. Nxc6 bxc6 12. Bg5 h6 13. Bxf6 gxf6 14. Qh5 Bf8 15. O-O-O Kh7 16. e5 f5 17. Ne4 fxe4 18. Rf6 Bg7 19. Qg6+ Kg8 20. Qf7+ Kh7 21. Qg6+ Kg8 22. Qf7+ 1/2-1/2

[Event "Halloween op"]
[Site "Edmonton CAN"]
[Date "2008.10.09"]
[Round "2"]
[White "Wu, Allan"]
[Black "MacLeod, Damon"]
[Result "1-0"]
[WhiteElo "1806"]
[BlackElo "1606"]
[PlyCount "29"]
[GameId "2160767910311411"]
[EventDate "2008.10.02"]
[EventType "swiss"]
[EventRounds "5"]
[EventCountry "CAN"]
[SourceTitle "EXT 2011"]
[Source "ChessBase"]
[SourceDate "2011.11.26"]
[SourceVersion "1"]
[SourceVersionDate "2011.11.26"]
[SourceQuality "1"]

1. c4 e6 2. Nf3 d5 3. d4 Nf6 4. Nc3 c6 5. Bg5 h6 6. Bh4 Nbd7 7. e3 a6 8. c5 b6 9. Qa4 b5 10. Nxb5 cxb5 11. Bxb5 Bb7 12. Bd3 Qc7 13. Ne5 Be7 14. c6 Nb6 15. cxb7+ 1-0

[Event "Halloween op"]
[Site "Edmonton CAN"]
[Date "2008.10.16"]
[Round "3"]
[White "Hughey, Micah"]
[Black "Zeggelaar, Mike"]
[Result "1-0"]
[WhiteElo "2226"]
[BlackElo "1738"]
[PlyCount "95"]
[GameId "2160767910311413"]
[EventDate "2008.10.02"]
[EventType "swiss"]
[EventRounds "5"]
[EventCountry "CAN"]
[SourceTitle "EXT 2011"]
[Source "ChessBase"]
[SourceDate "2011.11.26"]
[SourceVersion "1"]
[SourceVersionDate "2011.11.26"]
[SourceQuality "1"]

1. e4 e6 2. c4 d5 3. exd5 exd5 4. cxd5 Qxd5 5. Nc3 Qe5+ 6. Be2 Bg4 7. d4 Qe6 8. d5 Bxe2 9. Ngxe2 Qd7 10. O-O Nf6 11. Re1 Be7 12. Qb3 b6 13. d6 cxd6 14. Bg5 O-O 15. Nd4 Na6 16. Rxe7 Qxe7 17. Nd5 Qe5 18. Bxf6 gxf6 19. Nf5 Rae8 20. g4 Nc5 21. Qh3 Qxd5 22. Qh6 Ne6 23. Re1 Qc4 24. h3 Qf4 25. Qxf6 h5 26. Rxe6 Qxf5 27. gxf5 fxe6 28. Qg6+ Kh8 29. Qh6+ Kg8 30. Qg6+ Kh8 31. Qxh5+ Kg7 32. Qg6+ Kh8 33. Qh6+ Kg8 34. fxe6 Re7 35. Kf1 Rfe8 36. Qg6+ Kh8 37. Qf6+ Kg8 38. Qg5+ Kh8 39. Qh4+ Kg8 40. Qg3+ Kh8 41. Qxd6 Rxe6 42. Qd4+ Kh7 43. Kg2 Kh6 44. f4 Kh5 45. Kf3 Re1 46. f5 Rg8 47. Qd7 Reg1 48. Qh7+ 1-0

[Event "Halloween op"]
[Site "Edmonton CAN"]
[Date "2008.10.16"]
[Round "3"]
[White "MacLeod, Damon"]
[Black "Thompson, Peter"]
[Result "1/2-1/2"]
[WhiteElo "1606"]
[BlackElo "1865"]
[PlyCount "116"]
[GameId "2160767910311414"]
[EventDate "2008.10.02"]
[EventType "swiss"]
[EventRounds "5"]
[EventCountry "CAN"]
[SourceTitle "EXT 2011"]
[Source "ChessBase"]
[SourceDate "2011.11.26"]
[SourceVersion "1"]
[SourceVersionDate "2011.11.26"]
[SourceQuality "1"]

1. e4 c5 2. Nf3 Nc6 3. Bb5 e6 4. O-O a6 5. Bxc6 bxc6 6. e5 d5 7. exd6 Bxd6 8. d4 Qb6 9. Na3 Qc7 10. Nc4 Be7 11. Be3 cxd4 12. Qxd4 f6 13. Bf4 c5 14. Qxf6 Nxf6 15. Bxc7 O-O 16. Rfe1 Nd5 17. Be5 Bd7 18. a3 Rad8 19. Rad1 g5 20. h3 h5 21. Ne3 Bc6 22. Nxd5 exd5 23. Bc7 Rd7 24. Rxe7 Rxe7 25. Bd6 Rb7 26. Bxf8 Kxf8 27. Nxg5 Rxb2 28. Ne6+ Ke7 29. Nxc5 Rxc2 30. Nxa6 Bb7 31. Nb4 Rc5 32. Rd4 Ra5 33. Kh2 Ke6 34. Nd3 Kd6 35. Nf4 Rxa3 36. Nxh5 Ke5 37. Rb4 Ba6 38. f4+ Ke6 39. Ng3 Bd3 40. Rb6+ Kf7 41. f5 Ra2 42. Kg1 Ra6 43. Rxa6 Bxa6 44. Nf1 d4 45. Nd2 Bd3 46. g4 Kf6 47. h4 Bxf5 48. g5+ Kg6 49. Kg2 Bg4 50. Kg3 Kf5 51. g6 Bh5 52. g7 Bf7 53. Nf3 d3 54. Kf2 Kg6 55. Ne5+ Kxg7 56. Nxd3 Kf6 57. Kg3 Kf5 58. Nf4 Be8 1/2-1/2